[Event "Rhein Main op-B 25th"]
[Site "Bad Homburg"]
[Date "2023.06.10"]
[Round "6"]
[White "Bach, Oliver"]
[Black "Shanawaz Thabrez, Shahzaib"]
[Result "1-0"]
[WhiteElo "1640"]
[BlackElo "1226"]
[PlyCount "127"]
[EventDate "2023.06.07"]
[EventType "swiss"]
[EventRounds "7"]
[EventCountry "GER"]
[SourceTitle "CBM 215 Extra"]
[Source "ChessBase"]
[SourceDate "2023.09.30"]
[SourceVersion "1"]
[SourceVersionDate "2023.09.30"]
[SourceQuality "1"]

1. d4 d5 2. Nf3 Nf6 3. c4 c6 4. Nc3 g6 5. Bg5 Bg7 6. e3 h6 7. Bh4 g5 8. Bg3 Nh5 9. Be5 f6 10. Bxb8 Rxb8 11. cxd5 cxd5 12. h3 f5 13. Ne5 Nf6 14. Bb5+ Kf8 15. Ng6+ Kg8 16. Nxh8 Kxh8 17. 0-0 g4 18. h4 Qd6 19. g3 a6 20. Bd3 Ne4 21. Bxe4 fxe4 22. Qb3 e6 23. Rac1 Bf6 24. Kg2 Qf8 25. Qd1 h5 26. Rh1 Be7 27. Ne2 Qf3+ 28. Kg1 Qf5 29. Nf4 Bd6 30. Qd2 Bd7 31. a3 Bc6 32. Kg2 e5 33. dxe5 Bxe5 34. Kh2 Qf6 35. Nxh5 Qf3 36. Nf4 Bxf4 37. exf4 Qd3 38. Qxd3 exd3 39. Rhd1 Re8 40. Rxd3 Re2 41. Kg1 Rxb2 42. Ra1 Kg7 43. Rd4 Re2 44. a4 Kg6 45. a5 Kf5 46. h5 Re8 47. Kg2 Kf6 48. h6 Rh8 49. Rh1 Ke6 50. Rh4 Kd6 51. f5 Ke5 52. Rf4 d4+ 53. Kf1 d3 54. Ke1 Rd8 55. Kd2 Bb5 56. h7 Rh8 57. f6 Rc8 58. h8Q Rc2+ 59. Kd1 Ra2 60. f7+ Ke6 61. Qf6+ Kd7 62. Rd4+ Kc7 63. Qd6+ Kc8 64. Qd8# 1-0

[Event "Rhein Main op-B 25th"]
[Site "Bad Homburg"]
[Date "2023.06.10"]
[Round "5"]
[White "Schneider, Udo"]
[Black "Bach, Oliver"]
[Result "1-0"]
[WhiteElo "1628"]
[BlackElo "1640"]
[PlyCount "113"]
[EventDate "2023.06.07"]
[EventType "swiss"]
[EventRounds "7"]
[EventCountry "GER"]
[SourceTitle "CBM 215 Extra"]
[Source "ChessBase"]
[SourceDate "2023.09.30"]
[SourceVersion "1"]
[SourceVersionDate "2023.09.30"]
[SourceQuality "1"]

1. d4 d5 2. Nf3 Nf6 3. g3 c6 4. Bg2 g6 5. 0-0 Bg7 6. c3 0-0 7. Nbd2 Nbd7 8. Re1 Re8 9. e4 dxe4 10. Nxe4 Nxe4 11. Rxe4 Nf6 12. Re1 Be6 13. Ng5 Bd5 14. Bxd5 cxd5 15. Qb3 Qd7 16. Kg2 Rac8 17. Bf4 b6 18. Re2 h6 19. Nf3 Qg4 20. Rae1 Nh5 21. Bd2 Qd7 22. Ne5 Bxe5 23. Rxe5 Nf6 24. f3 Kg7 25. Qa3 e6 26. h4 Rg8 27. Qa6 Ne8 28. Qd3 Nd6 29. h5 Nc4 30. Rxe6 Nxd2 31. Re7 Qf5 32. Qxd2 gxh5 33. R1e5 Qg6 34. Qf4 Kf8 35. Rxf7+ Qxf7 36. Rf5 Rg7 37. Rxf7+ Rxf7 38. Qxh6+ Ke7 39. Qxh5 Rd8 40. f4 Rd7 41. Kf3 Kf8 42. f5 Rh7 43. Qg6 Rhg7 44. Qf6+ Rgf7 45. Qh8+ Ke7 46. g4 Rf8 47. Qe5+ Kd8 48. f6 Kc8 49. g5 Rh8 50. Kg4 Rh1 51. Qe6 Rg1+ 52. Kf5 Kc7 53. Kg6 Rf1 54. Qh3 Rb1 55. f7 Rd6+ 56. Kg7 Rd7 57. Qxd7+ 1-0

[Event "Rhein Main op-B 25th"]
[Site "Bad Homburg"]
[Date "2023.06.08"]
[Round "3"]
[White "Mehlen, Theodor"]
[Black "Bach, Oliver"]
[Result "1/2-1/2"]
[WhiteElo "1805"]
[BlackElo "1640"]
[PlyCount "114"]
[EventDate "2023.06.07"]
[EventType "swiss"]
[EventRounds "7"]
[EventCountry "GER"]
[SourceTitle "CBM 215 Extra"]
[Source "ChessBase"]
[SourceDate "2023.09.30"]
[SourceVersion "1"]
[SourceVersionDate "2023.09.30"]
[SourceQuality "1"]

1. e4 c5 2. Nf3 d6 3. d4 cxd4 4. Nxd4 Nf6 5. Nc3 a6 6. f3 e5 7. Nb3 Be6 8. Be3 Be7 9. Qd2 0-0 10. 0-0-0 b5 11. g4 b4 12. Nd5 Bxd5 13. exd5 a5 14. Kb1 a4 15. Nc1 Na6 16. Bxa6 Rxa6 17. g5 Nd7 18. Nd3 b3 19. cxb3 axb3 20. a3 Qb8 21. Nb4 Ra8 22. Nc6 Qe8 23. Rc1 f5 24. f4 e4 25. Nd4 Nc5 26. Ne6 Nxe6 27. dxe6 Qb5 28. Rc7 Rfe8 29. Rhc1 Bf8 30. e7 Bxe7 31. R7c4 Rab8 32. h4 Bf8 33. h5 d5 34. R4c3 Rbd8 35. Bd4 Re6 36. Qe3 Rb8 37. Be5 Rb7 38. Qd4 Qb6 39. Qxd5 Kh8 40. Qc4 Re8 41. Bd4 Qd6 42. h6 Qxf4 43. Qc6 Qb8 44. g6 Rd8 45. hxg7+ Bxg7 46. Bxg7+ Rxg7 47. gxh7 Qe5 48. Qb6 Re8 49. Qxb3 Rxh7 50. Rc5 Qf6 51. Qb5 Rf8 52. Rc6 Qd4 53. Rc8 Qf6 54. R8c6 Qd4 55. Rc8 Qf6 56. R8c6 Qd4 57. Rc8 Qf6 1/2-1/2

[Event "Fagernes op-B"]
[Site "Fagernes"]
[Date "2023.04.08"]
[Round "8"]
[White "Bach, Oliver"]
[Black "Gasland, Lukas Dominik"]
[Result "0-1"]
[WhiteElo "1668"]
[BlackElo "1681"]
[PlyCount "132"]
[EventDate "2023.04.02"]
[EventType "swiss"]
[EventRounds "9"]
[EventCountry "NOR"]
[SourceTitle "CBM 213 Extra"]
[Source "ChessBase"]
[SourceDate "2023.05.31"]
[SourceVersion "1"]
[SourceVersionDate "2023.05.31"]
[SourceQuality "1"]

1. d4 d5 2. Nf3 Nf6 3. c4 e6 4. Nc3 c5 5. e3 Nc6 6. Bd3 cxd4 7. exd4 dxc4 8. Bxc4 Bb4 9. 0-0 0-0 10. a3 Be7 11. Bg5 b6 12. Rc1 Bb7 13. Re1 Na5 14. Be2 Nd5 15. Bxe7 Nxe7 16. Ne5 Nf5 17. Bf3 Nxd4 18. Bxb7 Nxb7 19. Re4 Nf5 20. Qxd8 Rfxd8 21. g4 Ne7 22. Nb5 Nc5 23. Re2 a6 24. Nc3 Rac8 25. Rf1 Ng6 26. Nxg6 hxg6 27. Kg2 Nd3 28. Kg3 Nxb2 29. Rxb2 Rxc3+ 30. Kg2 b5 31. Ra1 Rd4 32. h3 Ra4 33. Rd1 g5 34. Rd8+ Kh7 35. Rbd2 Raxa3 36. R2d7 Rf3 37. Rb7 Kg6 38. Rdd7 Rf4 39. Rb6 Ra2 40. Rd3 Rfxf2+ 41. Kg3 Rg2+ 42. Kf3 Rh2 43. Ke4 Ra4+ 44. Ke5 b4 45. Kd6 Ra3 46. Rxa3 bxa3 47. Rxa6 Rxh3 48. Ke7 Rg3 49. Ra4 a2 50. Rxa2 Rxg4 51. Kf8 Rf4 52. Rh2 g4 53. Rh8 Rb4 54. Rh4 f5 55. Ke7 Rb3 56. Rh1 g3 57. Kxe6 Re3+ 58. Kd5 f4 59. Kd4 Kg5 60. Rg1 Kg4 61. Ra1 Re8 62. Ra6 g5 63. Ra2 f3 64. Kd3 g2 65. Ra4+ Kg3 66. Ra5 g4 0-1

[Event "Fagernes op-B"]
[Site "Fagernes"]
[Date "2023.04.05"]
[Round "5"]
[White "Nome, Henrik"]
[Black "Bach, Oliver"]
[Result "1-0"]
[WhiteElo "1092"]
[BlackElo "1668"]
[PlyCount "99"]
[EventDate "2023.04.02"]
[EventType "swiss"]
[EventRounds "9"]
[EventCountry "NOR"]
[SourceTitle "CBM 213 Extra"]
[Source "ChessBase"]
[SourceDate "2023.05.31"]
[SourceVersion "1"]
[SourceVersionDate "2023.05.31"]
[SourceQuality "1"]

1. c4 Nf6 2. Nc3 c6 3. d3 d5 4. cxd5 cxd5 5. g3 d4 6. Ne4 Nxe4 7. dxe4 e5 8. a3 Nc6 9. Nf3 Be7 10. e3 Bg4 11. exd4 Nxd4 12. Qa4+ Bd7 13. Qd1 Nxf3+ 14. Qxf3 0-0 15. Bc4 Qc7 16. Bb3 Bb5 17. Bd2 Rad8 18. Qc3 Qb8 19. h4 Rd3 20. Qc2 Rc8 21. Bc3 Rf3 22. Qd1 Rf6 23. Qd5 Bc5 24. Bxe5 Bxf2+ 25. Kd2 Bc6 26. Qa5 Bb6 27. Qc3 Rd8+ 28. Kc1 Be3+ 29. Kb1 Bxe4+ 30. Ka2 Rc6 31. Qxc6 Qxe5 32. Qc4 Bd5 33. Qc2 Be4 34. Rhd1 Re8 35. Qc4 Qe7 36. Re1 Bb6 37. Bc2 Qc7 38. Qxc7 Bxc7 39. Rxe4 Rxe4 40. Bxe4 Bxg3 41. Rd1 Bxh4 42. Rd7 g5 43. Bxb7 f5 44. Bd5+ Kh8 45. Be6 f4 46. Bg4 Bf2 47. b4 h6 48. Kb3 Kg8 49. Kc4 Kf8 50. Kd5 1-0

[Event "Fagernes op-B"]
[Site "Fagernes"]
[Date "2023.04.04"]
[Round "3"]
[White "Bach, Oliver"]
[Black "Lie, Terje"]
[Result "1-0"]
[WhiteElo "1668"]
[BlackElo "1330"]
[PlyCount "127"]
[EventDate "2023.04.02"]
[EventType "swiss"]
[EventRounds "9"]
[EventCountry "NOR"]
[SourceTitle "CBM 213 Extra"]
[Source "ChessBase"]
[SourceDate "2023.05.31"]
[SourceVersion "1"]
[SourceVersionDate "2023.05.31"]
[SourceQuality "1"]

1. d4 Nf6 2. Nf3 d5 3. c4 e6 4. Nc3 c6 5. Bg5 Be7 6. e3 Nbd7 7. Bd3 h6 8. Bh4 dxc4 9. Bxc4 Nd5 10. Bg3 N7f6 11. 0-0 0-0 12. Rc1 Nxc3 13. bxc3 Ne4 14. Bf4 Ng5 15. Ne5 Bd6 16. Bd3 Bxe5 17. Bxe5 f6 18. Bf4 Nf7 19. Qg4 e5 20. Qg6 f5 21. Bg3 Qg5 22. Qxg5 hxg5 23. dxe5 Be6 24. Rc2 Rfd8 25. Be2 Rd7 26. f4 g6 27. Be1 Rad8 28. c4 c5 29. Kf2 Kg7 30. Ba5 b6 31. Bc3 Rh8 32. h3 Rhd8 33. a4 Kf8 34. a5 Ke7 35. axb6 axb6 36. Ra1 Rb8 37. Ra6 Rdb7 38. Rb2 g4 39. hxg4 fxg4 40. Kg3 Kd7 41. Bxg4 Nd8 42. Rd2+ Ke7 43. Bxe6 Nxe6 44. Rd6 Nc7 45. Ra1 Ne6 46. Rh1 Rg8 47. Rh7+ Ng7 48. Kf3 Ke8 49. Rxg6 Kf8 50. Rf6+ Ke8 51. Rc6 Rb8 52. g4 Ke7 53. f5 Kd8 54. e6 Rb7 55. Bf6+ Re7 56. Rxb6 Nxf5 57. gxf5 Kc7 58. Rxe7+ Kxb6 59. Rf7 Kc6 60. e7 Re8 61. Rf8 Kd7 62. e4 Rxe7 63. Bxe7 Kxe7 64. Rc8 1-0

[Event "Arco op 42nd"]
[Site "Arco"]
[Date "2020.10.13"]
[Round "4.29"]
[White "Lang, Alexander"]
[Black "Bach, Oliver"]
[Result "1-0"]
[WhiteElo "1983"]
[BlackElo "1738"]
[PlyCount "83"]
[EventDate "2020.10.10"]
[EventType "swiss"]
[EventRounds "9"]
[EventCountry "ITA"]
[SourceTitle "CBM 198 Extra"]
[Source "ChessBase"]
[SourceDate "2020.11.30"]
[SourceVersion "1"]
[SourceVersionDate "2020.11.30"]
[SourceQuality "1"]

1. d4 Nf6 2. c4 g6 3. Nc3 d5 4. cxd5 Nxd5 5. e4 Nxc3 6. bxc3 Bg7 7. Bg5 0-0 8. Nf3 c5 9. Rc1 Bg4 10. d5 Qa5 11. Qd2 Bxf3 12. gxf3 f6 13. Be3 Nd7 14. Be2 Rad8 15. h4 f5 16. h5 fxe4 17. hxg6 hxg6 18. Bh6 Nf6 19. Bxg7 Kxg7 20. fxe4 Rh8 21. Rxh8 Rxh8 22. Bf3 Qc7 23. Qg5 Nh5 24. e5 Qd7 25. Be4 Qe8 26. Rd1 Qf7 27. Rd3 Rh6 28. d6 Nf4 29. Rd2 exd6 30. Rxd6 Nh3 31. Qf6+ Qxf6 32. exf6+ Kf8 33. Bd5 Ke8 34. Bxb7 Nf4 35. Bc6+ Kf7 36. Bb5 Rh5 37. Bc4+ Ke8 38. f7+ Ke7 39. Rd8 Re5+ 40. Kd2 Rf5 41. Re8+ Kd6 42. f8Q+ 1-0

[Event "GER Cup Net V1 U2000"]
[Site "Playchess.com INT"]
[Date "2020.05.19"]
[Round "8"]
[White "Bach, Oliver"]
[Black "May, Alexander1111"]
[Result "1-0"]
[WhiteElo "1487"]
[BlackElo "1566"]
[PlyCount "61"]
[EventDate "2020.05.19"]
[EventType "swiss (blitz)"]
[EventRounds "9"]
[EventCountry "GER"]
[SourceTitle "EXT 2021"]
[Source "ChessBase"]
[SourceDate "2020.10.23"]
[SourceVersion "1"]
[SourceVersionDate "2020.10.23"]
[SourceQuality "1"]

1. d4 Nf6 2. Nf3 g6 3. c4 Bg7 4. Nc3 d6 5. e4 Nbd7 6. Bf4 0-0 7. Qd2 c5 8. dxc5 Nxc5 9. Bd3 Nxd3+ 10. Qxd3 Bg4 11. 0-0-0 a6 12. h4 h5 13. Nd5 Nxd5 14. exd5 Qb6 15. b3 Qxf2 16. Qd2 Qxd2+ 17. Rxd2 Rfc8 18. Bg5 Rd8 19. Bxe7 Rd7 20. Bg5 Rc8 21. Re2 b5 22. Nd2 Bxe2 23. Re1 Bg4 24. Ne4 bxc4 25. bxc4 Rxc4+ 26. Kd2 Bf5 27. Nf6+ Bxf6 28. Bxf6 Rc2+ 29. Kd1 Rxg2 30. Re8+ Kh7 31. Rh8# 1-0

[Event "GER-ch Net blitz qual4"]
[Site "Playchess.com INT"]
[Date "2020.03.23"]
[Round "1"]
[White "Bach, Oliver"]
[Black "Jagodzinski, Andreas"]
[Result "0-1"]
[WhiteElo "1738"]
[BlackElo "2147"]
[PlyCount "54"]
[EventDate "2020.03.23"]
[EventType "swiss (blitz)"]
[EventRounds "9"]
[EventCountry "GER"]
[SourceTitle "CBM 195 Extra"]
[Source "ChessBase"]
[SourceDate "2020.05.31"]
[SourceVersion "1"]
[SourceVersionDate "2020.05.31"]
[SourceQuality "1"]

1. d4 d5 2. Nf3 Nf6 3. c4 c6 4. Nc3 e6 5. Bg5 dxc4 6. e3 b5 7. a4 b4 8. Ne4 Ba6 9. Nxf6+ gxf6 10. Bf4 Be7 11. Be2 Nd7 12. b3 Nb6 13. a5 Nd5 14. Bxc4 Bxc4 15. bxc4 Nxf4 16. exf4 Rg8 17. 0-0 Qc7 18. Qd3 Qxf4 19. Qxh7 0-0-0 20. Qxf7 Qxf3 21. Qxe6+ Kb8 22. g3 Bd6 23. a6 Bxg3 24. fxg3 Rxg3+ 25. hxg3 Qxg3+ 26. Kh1 Rh8+ 27. Qh3 Rxh3# 0-1

[Event "GER-ch Net blitz qual4"]
[Site "Playchess.com INT"]
[Date "2020.03.23"]
[Round "3"]
[White "Bach, Oliver"]
[Black "Janzen, Lars"]
[Result "1-0"]
[WhiteElo "1738"]
[BlackElo "2010"]
[PlyCount "151"]
[EventDate "2020.03.23"]
[EventType "swiss (blitz)"]
[EventRounds "9"]
[EventCountry "GER"]
[SourceTitle "CBM 195 Extra"]
[Source "ChessBase"]
[SourceDate "2020.05.31"]
[SourceVersion "1"]
[SourceVersionDate "2020.05.31"]
[SourceQuality "1"]

1. d4 Nf6 2. Nf3 e6 3. c4 d5 4. Nc3 dxc4 5. e3 a6 6. Bxc4 b5 7. Bd3 Bb7 8. 0-0 Nbd7 9. Re1 c5 10. e4 cxd4 11. Nxd4 Bc5 12. Nf3 Qb6 13. Be3 Bxe3 14. Rxe3 0-0 15. e5 Nd5 16. Nxd5 Bxd5 17. b3 Rac8 18. Rc1 Rc7 19. Bb1 Rfc8 20. Rxc7 Qxc7 21. Re1 Qc3 22. h3 Bxf3 23. gxf3 Nb6 24. Kg2 g6 25. Rg1 Nd5 26. Kh2 Qxe5+ 27. Rg3 Kg7 28. Be4 Nc3 29. Qd7 Rc7 30. Qd8 Nxe4 31. fxe4 Rc3 32. Qg5 Qxg5 33. Rxg5 Rc2 34. a4 bxa4 35. bxa4 Rc4 36. Ra5 Rxe4 37. Rxa6 Re2 38. Kg3 h5 39. Kf3 Ra2 40. Ra8 Kf6 41. a5 g5 42. a6 Ra3+ 43. Kg2 Kf5 44. a7 f6 45. Kh2 Kf4 46. Rf8 Rxa7 47. Rxf6+ Ke5 48. Rg6 Kf5 49. Rh6 Ra3 50. Rxh5 Rf3 51. Kg2 Rf4 52. Rh8 e5 53. Rf8+ Ke4 54. Rxf4+ exf4 55. Kf1 f3 56. Ke1 Kf4 57. Kf1 g4 58. hxg4 Kxg4 59. Ke1 Kf4 60. Kd2 Ke4 61. Kc3 Kf5 62. Kd3 Kf4 63. Kd4 Kg4 64. Ke3 Kf5 65. Kxf3 Ke5 66. Ke3 Kf6 67. Ke4 Ke6 68. f3 Kf6 69. Kf4 Kf7 70. Kf5 Kf8 71. Kf6 Ke8 72. f4 Kf8 73. f5 Ke8 74. Kg7 Ke7 75. f6+ Ke6 76. f7 1-0

[Event "GER-ch Net blitz qual4"]
[Site "Playchess.com INT"]
[Date "2020.03.23"]
[Round "5"]
[White "Bach, Oliver"]
[Black "Qayumi, Roman"]
[Result "0-1"]
[WhiteElo "1738"]
[BlackElo "1762"]
[PlyCount "96"]
[EventDate "2020.03.23"]
[EventType "swiss (blitz)"]
[EventRounds "9"]
[EventCountry "GER"]
[SourceTitle "CBM 195 Extra"]
[Source "ChessBase"]
[SourceDate "2020.05.31"]
[SourceVersion "1"]
[SourceVersionDate "2020.05.31"]
[SourceQuality "1"]

1. d4 d5 2. Nf3 Nf6 3. c4 c6 4. Nc3 dxc4 5. a4 Bf5 6. Bg5 e6 7. e4 Bg4 8. e5 h6 9. h3 Bxf3 10. Qxf3 Nbd7 11. exf6 hxg5 12. fxg7 Bxg7 13. Bxc4 Qf6 14. Qxf6 Nxf6 15. 0-0 0-0 16. Rad1 Rfd8 17. Ne2 Nd5 18. Bxd5 Rxd5 19. b3 Rad8 20. g3 Bxd4 21. Nxd4 Rxd4 22. Rxd4 Rxd4 23. Rb1 Rb4 24. Kg2 a5 25. Kf3 f5 26. Ke3 Kf7 27. f3 Ke7 28. Kd3 e5 29. Kc3 Ke6 30. Re1 g4 31. hxg4 fxg4 32. fxg4 Rxg4 33. Re3 Kf5 34. Rf3+ Ke4 35. Rf7 Rxg3+ 36. Kc4 Rf3 37. Rxb7 Ke3 38. Kc5 Kd3 39. Kxc6 e4 40. Kb5 Rf5+ 41. Kc6 e3 42. Re7 e2 43. Kb6 Kd2 44. Rd7+ Ke1 45. Re7 Kf2 46. Ka6 e1Q 47. Rxe1 Kxe1 48. Kb6 Kd2 0-1

[Event "GER-ch Net blitz qual4"]
[Site "Playchess.com INT"]
[Date "2020.03.23"]
[Round "7"]
[White "Coudsi, Lucas"]
[Black "Bach, Oliver"]
[Result "0-1"]
[WhiteElo "1157"]
[BlackElo "1738"]
[PlyCount "44"]
[EventDate "2020.03.23"]
[EventType "swiss (blitz)"]
[EventRounds "9"]
[EventCountry "GER"]
[SourceTitle "CBM 195 Extra"]
[Source "ChessBase"]
[SourceDate "2020.05.31"]
[SourceVersion "1"]
[SourceVersionDate "2020.05.31"]
[SourceQuality "1"]

1. e4 d6 2. d4 Nf6 3. Nc3 g6 4. Nf3 Bg7 5. e5 Nfd7 6. exd6 cxd6 7. Bd3 0-0 8. 0-0 Nc6 9. Bb5 a6 10. Bxc6 bxc6 11. Rb1 c5 12. dxc5 Nxc5 13. b4 Bxc3 14. bxc5 dxc5 15. Qxd8 Rxd8 16. Rb3 Bf6 17. Bb2 Be6 18. Rb6 Bxb2 19. Rxb2 Rab8 20. Rfb1 Rxb2 21. Rxb2 Rd1+ 22. Ne1 Rxe1# 0-1

[Event "GER-ch Net blitz qual3"]
[Site "Playchess.com INT"]
[Date "2020.03.21"]
[Round "3"]
[White "Haidekker, Kilian"]
[Black "Bach, Oliver"]
[Result "0-1"]
[WhiteElo "1620"]
[BlackElo "1738"]
[PlyCount "78"]
[EventDate "2020.03.21"]
[EventType "swiss (blitz)"]
[EventRounds "9"]
[EventCountry "GER"]
[SourceTitle "CBM 195 Extra"]
[Source "ChessBase"]
[SourceDate "2020.05.31"]
[SourceVersion "1"]
[SourceVersionDate "2020.05.31"]
[SourceQuality "1"]

1. e4 d6 2. d4 Nf6 3. Nc3 g6 4. Nf3 Bg7 5. Bc4 0-0 6. 0-0 c6 7. e5 Nfd7 8. Re1 dxe5 9. dxe5 b5 10. e6 bxc4 11. exd7 Nxd7 12. Bg5 f6 13. Bf4 e5 14. Be3 Nb6 15. Qxd8 Rxd8 16. Rad1 Bg4 17. h3 Bxf3 18. gxf3 Nd5 19. Nxd5 Rxd5 20. Rxd5 cxd5 21. Rd1 d4 22. Bd2 Rd8 23. Bb4 Bf8 24. Bxf8 Kxf8 25. Kg2 Kf7 26. Kg3 f5 27. f4 e4 28. b3 c3 29. Kg2 d3 30. cxd3 exd3 31. Kf3 c2 32. Rc1 d2 33. Rxc2 d1Q+ 34. Ke3 Qxc2 35. Kf3 Rd3+ 36. Kg2 Rd2 37. Kg3 Rxf2 38. Kh4 Rg2 39. a4 Qf2# 0-1

[Event "GER-ch Net blitz qual3"]
[Site "Playchess.com INT"]
[Date "2020.03.21"]
[Round "5"]
[White "Hapke, Thorsten"]
[Black "Bach, Oliver"]
[Result "0-1"]
[WhiteElo "1564"]
[BlackElo "1738"]
[PlyCount "60"]
[EventDate "2020.03.21"]
[EventType "swiss (blitz)"]
[EventRounds "9"]
[EventCountry "GER"]
[SourceTitle "CBM 195 Extra"]
[Source "ChessBase"]
[SourceDate "2020.05.31"]
[SourceVersion "1"]
[SourceVersionDate "2020.05.31"]
[SourceQuality "1"]

1. c4 Nf6 2. Nc3 g6 3. e4 Bg7 4. e5 Ng8 5. d4 d6 6. f4 f6 7. Nf3 Bg4 8. Be2 Nh6 9. exf6 exf6 10. 0-0 0-0 11. Re1 Nc6 12. d5 Ne7 13. Nd4 Bd7 14. Bf3 Nhf5 15. Ne6 Bxe6 16. Rxe6 Qd7 17. Qe1 Rae8 18. Bd2 Nd4 19. Rxe7 Nxf3+ 20. gxf3 Rxe7 21. Qf2 Rfe8 22. Ne4 f5 23. Ng5 Re2 24. Qh4 h6 25. Ne6 Rxd2 26. Re1 Rxb2 27. Nxg7 Kxg7 28. Re6 Rxe6 29. dxe6 Qxe6 30. Qd8 Qe1# 0-1

[Event "GER-ch Net blitz qual3"]
[Site "Playchess.com INT"]
[Date "2020.03.21"]
[Round "9"]
[White "Kautzsch, Klaus Dieter"]
[Black "Bach, Oliver"]
[Result "1/2-1/2"]
[WhiteElo "1670"]
[BlackElo "1738"]
[PlyCount "130"]
[EventDate "2020.03.21"]
[EventType "swiss (blitz)"]
[EventRounds "9"]
[EventCountry "GER"]
[SourceTitle "CBM 195 Extra"]
[Source "ChessBase"]
[SourceDate "2020.05.31"]
[SourceVersion "1"]
[SourceVersionDate "2020.05.31"]
[SourceQuality "1"]

1. e4 d6 2. d4 Nf6 3. Nc3 g6 4. Bg5 Bg7 5. Nf3 0-0 6. Qd2 c6 7. Bh6 b5 8. Bxg7 Kxg7 9. a3 a5 10. Bd3 Bb7 11. h3 Qc7 12. Nh2 Nbd7 13. Ng4 e5 14. Qh6+ Kg8 15. d5 Qd8 16. f4 b4 17. axb4 axb4 18. Na2 exf4 19. Qxf4 cxd5 20. 0-0 dxe4 21. Bc4 d5 22. Bb3 Nxg4 23. Qxg4 f5 24. Qf4 Kg7 25. Nxb4 Rxa1 26. Rxa1 Qb6+ 27. Kh2 Qxb4 28. Qc7 Rf7 29. Ra7 Qb6 30. Qxb7 Qxb7 31. Rxb7 Nc5 32. Rxf7+ Kxf7 33. Bxd5+ Kf6 34. b3 Ke5 35. Ba8 e3 36. Kg3 f4+ 37. Kf3 g5 38. b4 Na4 39. b5 Nb6 40. Bc6 h6 41. c3 Kd6 42. Ke2 Kc5 43. Kd3 Kd6 44. Bf3 Kc5 45. Bc6 Kd6 46. c4 Kc5 47. Bf3 Nxc4 48. g3 Nb6 49. gxf4 gxf4 50. Ke4 Nd5 51. Ke5 Nc3 52. b6 Kxb6 53. Kxf4 e2 54. Bxe2 Nxe2+ 55. Kf5 Ng3+ 56. Kg6 Ne4 57. Kxh6 Kc7 58. h4 Kd6 59. Kg6 Ke6 60. h5 Nf6 61. h6 Ke7 62. Kg7 Ke6 63. Kg6 Ke7 64. Kg7 Ke6 65. h7 Nxh7 1/2-1/2

[Event "GER-ch Net blitz qual3"]
[Site "Playchess.com INT"]
[Date "2020.03.21"]
[Round "7"]
[White "Zha, Kevin"]
[Black "Bach, Oliver"]
[Result "1-0"]
[WhiteElo "1851"]
[BlackElo "1738"]
[PlyCount "61"]
[EventDate "2020.03.21"]
[EventType "swiss (blitz)"]
[EventRounds "9"]
[EventCountry "GER"]
[SourceTitle "CBM 195 Extra"]
[Source "ChessBase"]
[SourceDate "2020.05.31"]
[SourceVersion "1"]
[SourceVersionDate "2020.05.31"]
[SourceQuality "1"]

1. e4 d6 2. d4 Nf6 3. Nc3 g6 4. f4 Bg7 5. Nf3 0-0 6. e5 Nfd7 7. Bc4 c5 8. e6 fxe6 9. Bxe6+ Kh8 10. h4 Nf6 11. Ng5 Bxe6 12. Nxe6 Qb6 13. Nxf8 Bxf8 14. dxc5 Qxc5 15. Qd3 Nc6 16. Be3 Qh5 17. Ne2 Rc8 18. a3 Ng4 19. 0-0-0 Bg7 20. Ng3 Qa5 21. h5 Nxe3 22. Qxe3 Qb5 23. c3 Qb3 24. hxg6 h6 25. Nf5 Qa2 26. Nxh6 Bxh6 27. Rxh6+ Kg7 28. Rh7+ Kg8 29. Qh3 Qa1+ 30. Kc2 Qxd1+ 31. Kxd1 1-0

[Event "GER-ch Net blitz qual2"]
[Site "Playchess.com INT"]
[Date "2020.03.16"]
[Round "1"]
[White "Bach, Oliver"]
[Black "Traetmar, Mattis"]
[Result "0-1"]
[WhiteElo "1738"]
[BlackElo "2009"]
[PlyCount "82"]
[EventDate "2020.03.16"]
[EventType "swiss (blitz)"]
[EventRounds "9"]
[EventCountry "GER"]
[SourceTitle "CBM 195 Extra"]
[Source "ChessBase"]
[SourceDate "2020.05.31"]
[SourceVersion "1"]
[SourceVersionDate "2020.05.31"]
[SourceQuality "1"]

1. d4 Nf6 2. Nf3 g6 3. c4 Bg7 4. Nc3 d5 5. g3 0-0 6. Bg2 c6 7. cxd5 cxd5 8. 0-0 Nc6 9. Qb3 Na5 10. Qc2 Bf5 11. Qd1 Ne4 12. Nxe4 Bxe4 13. e3 Rc8 14. Bd2 Nc4 15. Bc3 Qb6 16. Nd2 Bxg2 17. Nxc4 Rxc4 18. Kxg2 Rfc8 19. Rc1 Qa6 20. a3 e5 21. Qf3 e4 22. Qg4 h5 23. Qd7 Qc6 24. Qxc6 R8xc6 25. h4 b5 26. Ra1 Bf8 27. a4 bxa4 28. Ra3 Bxa3 29. bxa3 Rxc3 30. Rb1 Rb3 31. Ra1 Rcc3 32. Rd1 Rxa3 33. Rb1 Rab3 34. Ra1 a3 35. Ra2 Rb2 36. Ra1 Rcb3 37. Rc1 Rxe3 38. Rc8+ Kg7 39. Kh3 Rxf2 40. Rc7 Ree2 41. Rxa7 Rh2# 0-1

[Event "GER-ch Net blitz qual2"]
[Site "Playchess.com INT"]
[Date "2020.03.16"]
[Round "2"]
[White "Baum, Bernhard"]
[Black "Bach, Oliver"]
[Result "1/2-1/2"]
[WhiteElo "1656"]
[BlackElo "1738"]
[PlyCount "138"]
[EventDate "2020.03.16"]
[EventType "swiss (blitz)"]
[EventRounds "9"]
[EventCountry "GER"]
[SourceTitle "CBM 195 Extra"]
[Source "ChessBase"]
[SourceDate "2020.05.31"]
[SourceVersion "1"]
[SourceVersionDate "2020.05.31"]
[SourceQuality "1"]

1. d4 Nf6 2. Bf4 d5 3. e3 g6 4. Be2 Bg7 5. Nd2 0-0 6. h4 h5 7. f3 c5 8. c3 Nc6 9. g4 Qa5 10. gxh5 Nxh5 11. Bg5 cxd4 12. exd4 Ng3 13. Rh2 Nxe2 14. Nxe2 Bf5 15. Ng3 Bd3 16. f4 f6 17. h5 fxg5 18. hxg6 Rxf4 19. Qh5 Rh4 20. Rxh4 gxh4 21. Qxh4 Bxg6 22. Qg5 Rf8 23. a3 Rf6 24. 0-0-0 Qc7 25. Rg1 Qf4 26. Qxf4 Rxf4 27. Nb3 Bd3 28. Nc5 Ba6 29. Kc2 Rf2+ 30. Kb3 Na5+ 31. Ka4 Nc4 32. Nh5 Rf7 33. Ne6 Nxb2+ 34. Kb3 Nc4 35. Nhxg7 Rxg7 36. Rxg7+ Kh8 37. Rxe7 Na5+ 38. Kb4 Nc6+ 39. Kc5 Nxe7 40. Kd6 Nc6 41. Kxd5 Na5 42. Kc5 Kg8 43. d5 Kf7 44. Nd4 Ke7 45. c4 Nxc4 46. Nf5+ Kd7 47. Nd4 Nxa3 48. Kb4 Nc4 49. Kc5 Nb6 50. Nb3 Bf1 51. Na5 Ba6 52. d6 Na4+ 53. Kb4 Nb6 54. Kc5 Nc8 55. Nb3 Nxd6 56. Nd4 Nb5 57. Nb3 Nc7 58. Kb4 b5 59. Nc5+ Kc6 60. Ne4 Bb7 61. Nc3 Kb6 62. Kb3 a5 63. Nb1 Bd5+ 64. Ka3 b4+ 65. Kb2 Nb5 66. Nd2 a4 67. Ka1 a3 68. Nb1 Nc3 69. Nxa3 bxa3 1/2-1/2

[Event "GER-ch Net blitz qual1"]
[Site "Playchess.com INT"]
[Date "2020.03.07"]
[Round "3"]
[White "Bach, Oliver"]
[Black "Brettner, Simeon"]
[Result "0-1"]
[WhiteElo "1738"]
[BlackElo "1504"]
[PlyCount "60"]
[EventDate "2020.03.07"]
[EventType "swiss (blitz)"]
[EventRounds "9"]
[EventCountry "GER"]
[SourceTitle "CBM 195 Extra"]
[Source "ChessBase"]
[SourceDate "2020.05.31"]
[SourceVersion "1"]
[SourceVersionDate "2020.05.31"]
[SourceQuality "1"]

1. d4 Nf6 2. Nf3 g6 3. c4 Bg7 4. Nc3 d6 5. e4 0-0 6. Bg5 h6 7. Be3 e5 8. d5 Nbd7 9. Qd2 Nb6 10. Bxh6 Nxc4 11. Bxc4 Bd7 12. Bxg7 Kxg7 13. h4 b5 14. Be2 a6 15. Ng5 Rc8 16. h5 Nxh5 17. Bxh5 gxh5 18. Rxh5 Rh8 19. Rxh8 Qxh8 20. 0-0-0 c6 21. dxc6 Rxc6 22. Kb1 Qh5 23. Nf3 Bg4 24. Qd5 Bd7 25. Ne2 Qh7 26. Ng3 Be8 27. Rh1 Qg6 28. Rh5 Kf8 29. Rg5 Qh6 30. Nf5 Qh1+ 0-1